000 00395nam a2200109Ia 4500
008 171204s9999 xx 000 0 und d
245 _aArduino: Programming Arduino - Beginners Guide To Get Started With Internet Of Things: (Tips, Tricks, Projects and More!)
245 _cErik Savasgard
260 _c2016
650 _xProgramming 1-2
856 _uhttp://down.ebook777.com/029/9781516964628.pdf
999 _c345924
_d345924